University Home | Library Home | Institutional Repository

An ecosystem approach to vegetation, environment and organic matter of a mixed woodland and meadow area. (Record no. 157929)

MARC details
000 -LEADER
fixed length control field 00952cam3a220022900 4500
001 - CONTROL NUMBER
control field qce00939595
005 - DATE AND TIME OF LATEST TRANSACTION
control field 20190826084857.0
008 - FIXED-LENGTH DATA ELEMENTS--GENERAL INFORMATION
fixed length control field 750114s1970 sw eng c
035 ## - SYSTEM CONTROL NUMBER
System control number (Sirsi) r59211
035 ## - SYSTEM CONTROL NUMBER
System control number (QCAT)lss00721744
035 ## - SYSTEM CONTROL NUMBER
System control number (UPRA)qce00939595
040 ## - CATALOGING SOURCE
Modifying agency UPRA
070 ## - NATIONAL AGRICULTURAL LIBRARY CALL NUMBER
Classification number QK956.S8A5
100 1# - MAIN ENTRY--PERSONAL NAME
Personal name Andersson, Folke, 1933-
Dates associated with a name Andersson, Folke, 1933-
Linkage A18515.1
245 13 - TITLE STATEMENT
Title An ecosystem approach to vegetation, environment and organic matter of a mixed woodland and meadow area.
260 ## - PUBLICATION, DISTRIBUTION, ETC.
Place of publication, distribution, etc. Lund :
Name of publisher, distributor, etc. Carl Bloms Boktryckeri,
Date of publication, distribution, etc. 1970.
504 ## - BIBLIOGRAPHY, ETC. NOTE
Bibliography, etc. note Bibliography: p. 14.
650 #0 - SUBJECT ADDED ENTRY--TOPICAL TERM
Topical term or geographic name entry element Plant ecology -- Sweden -- Skane.
Geographic subdivision Plant ecology -- Sweden -- Skane.
-- Plant ecology -- Sweden -- Skane.
Linkage S13206.1
650 #0 - SUBJECT ADDED ENTRY--TOPICAL TERM
Topical term or geographic name entry element Forest ecology -- Sweden -- Skane.
Geographic subdivision Forest ecology -- Sweden -- Skane.
-- Forest ecology -- Sweden -- Skane.
Linkage S13207.1
949 ## - LOCAL PROCESSING INFORMATION (OCLC)
a QH541.5
w lcc
i 33729000325279
m MAIN
p 2500
t BOOK
l ON-SHELF

No items available.

© 2026 - The University of Zambia Library - Koha v25.11